| 000 | 01182nam a2200253 a 4500 | ||
|---|---|---|---|
| 001 | 000423310 | ||
| 003 | AM-YEHGA | ||
| 005 | 20250618072444.0 | ||
| 008 | 050428s1948 ai |||||||||||||||||arm d | ||
| 040 | _aAM-YeHGA | ||
| 041 | 0 | _aarm | |
| 100 | 1 |
_aԱբովյան, Խաչատուր Ավետիքի, _d1809-1848 _991 |
|
| 245 | 1 | 0 |
_aՄանուկներին : _bԱրձակ / _cԽ. Աբովյան; Կազմ. և խմբ.՝ Գ. Սևունց; Առաջաբ.՝ Պ. Ջոթյան; Նկ.՝ Մ. Բաղդասարյան; Շապկի նկ.՝ Ս. Ստեփանյան. |
| 260 |
_aԵրևան : _bԱ.հ, _c1948. |
||
| 300 |
_a27 էջ : _bնկ. ; _c20 սմ. |
||
| 500 | _a«Հոկտեմբերիկ» ամսագրի հավելված | ||
| 650 | 1 | 4 |
_aՀայ մանկական գրականություն _95413 |
| 700 | 1 |
_aՍևունց, Գարեգին Սևիի, _d1911-1969 _eկազմ. _4com _eխմբ. _4edt _91751 |
|
| 700 | 1 |
_aՋոթյան, Պարույր Հովհաննեսի, _d1913-1954 _eառաջաբ. _4aui _92775 |
|
| 700 | 1 |
_aԲաղդասարյան, Մ. _eնկ. _4art _9465 |
|
| 700 | 1 |
_aՍտեփանյան, Սուրեն Շավարշի, _d1915-1977 _eնկ. _4art _91781 |
|
| 942 |
_2udc _cBK |
||
| 090 | _c162943 | ||
| 999 |
_c161537 _d161537 |
||